Catalog

Record Details

Catalog Search



Snowrunner  Cover Image Software and video games Software and video games

Snowrunner / Focus Home Interactive

Summary:

Get ready for the next-generation off-road experience! Snowrunner puts you in the driver's seat of powerful vehicles as you conquer extreme open environments with the most advanced terrain simulation ever. Drive 40 vehicles from brands such as FORD, Chevrolet, and Freightliner as you leave your mark on an untamed open world. Overcome mud, torrential waters, snow, and frozen lakes while taking on perilous contracts and missions. Expand and customize your fleet with many upgrades and accessories including an exhaust snorkel for heavy waters or Chain tires to battle the snow. Ride solo or with other players in 4-player co-operative and expand your snowrunner experience with community-created Mods!

Record details

  • Physical Description: 1 computer disc : digital, sound, color ; 4 3/4 in.
  • Edition: PS4, PlayStation 4.
  • Publisher: Paris, France : Focus Home Interactive, [2020]

Content descriptions

General Note:
1 player; 2-4 network players.
Title from container.
No instructions included, instructions are online.
Target Audience Note:
ESRB rating: E. Everyone.
System Details Note:
System requirements: PlayStation 4; 8 GB minimum; DualShock 4; PS4 Pro enhanced; online play (optional). Blu-ray disc.
Subject: Snowplows > Computer games.
Vehicles > Computer games.
Sony video games.
Raceing
Genre: Sony Playstation video games.
Realia
PS4
Video games.
Computer games.
Simulation video games.
Racing video games

LDR 03299cmm a2200685 i 4500
001160256
003SBPL
00520230316165122.0
008200512s2020 fr gq g eng d
007co cga||||||||
019 . ‡a1183433130 ‡a1202677402 ‡a1232488841
0241 . ‡a859529007539
0248 . ‡a859529007522
02852. ‡a2105535 ‡bFocus Home Interactive ‡q(container)
02852. ‡a790752 ‡bFocus Home Interactive ‡q(container)
02852. ‡aCUSA-17425 ‡bFocus Home Interactive ‡q(disc)
02852. ‡a2105904NA ‡bFocus Home Interactive ‡q(disc)
035 . ‡a(OCoLC)1154012555 ‡z(OCoLC)1183433130 ‡z(OCoLC)1202677402 ‡z(OCoLC)1232488841
08204. ‡a794.8 ‡223
24500. ‡aSnowrunner / ‡cFocus Home Interactive
2463 . ‡aSnow runner
250 . ‡aPS4, PlayStation 4.
264 1. ‡aParis, France : ‡bFocus Home Interactive, ‡c[2020]
300 . ‡a1 computer disc : ‡bdigital, sound, color ; ‡c4 3/4 in.
336 . ‡acomputer program ‡bcop ‡2rdacontent
336 . ‡atwo-dimensional moving image ‡btdi ‡2rdacontent
337 . ‡acomputer ‡bc ‡2rdamedia
338 . ‡acomputer disc ‡bcd ‡2rdacarrier
344 . ‡adigital ‡2rdatr
344 . ‡boptical ‡2rdarm
347 . ‡eall regions ‡2rdare
380 . ‡aVideo game
538 . ‡aSystem requirements: PlayStation 4; 8 GB minimum; DualShock 4; PS4 Pro enhanced; online play (optional). Blu-ray disc.
500 . ‡a1 player; 2-4 network players.
5218 . ‡aESRB rating: E. Everyone.
500 . ‡aTitle from container.
500 . ‡aNo instructions included, instructions are online.
520 . ‡aGet ready for the next-generation off-road experience! Snowrunner puts you in the driver's seat of powerful vehicles as you conquer extreme open environments with the most advanced terrain simulation ever. Drive 40 vehicles from brands such as FORD, Chevrolet, and Freightliner as you leave your mark on an untamed open world. Overcome mud, torrential waters, snow, and frozen lakes while taking on perilous contracts and missions. Expand and customize your fleet with many upgrades and accessories including an exhaust snorkel for heavy waters or Chain tires to battle the snow. Ride solo or with other players in 4-player co-operative and expand your snowrunner experience with community-created Mods!
650 0. ‡aSnowplows ‡vComputer games.
650 0. ‡aVehicles ‡vComputer games.
650 0. ‡aSony video games.
6500 . ‡aRaceing
655 0. ‡aSony Playstation video games.
6550 . ‡aRealia
6550 . ‡aPS4
655 7. ‡aVideo games. ‡2lcgft
655 7. ‡aComputer games. ‡2lcgft
655 7. ‡aSimulation video games.
655 7. ‡aRacing video games
7102 . ‡aFocus Home Interactive (Firm), ‡epublisher.
753 . ‡aPlayStation 4
901 . ‡a160256 ‡bAUTOGEN ‡c160256 ‡tbiblio

Additional Resources